| 000 | 00000nam##2200000za#4500 |
| 001 | 9.700224 |
| 003 | CaOODSP |
| 005 | 20210625000734 |
| 007 | cr ||||||||||| |
| 008 | 150407|2015||||xxc|||||o f|0| 0 eng|d |
| 020 | |a978-1-100-25514-9 |
| 040 | |aCaOODSP|beng |
| 043 | |an-cn--- |
| 086 | 1 |aCH36-4/15-2015E-PDF |
| 110 | 1 |aCanada. |bCanadian Heritage. |
| 245 | 10|aWorld War Commemorations Community Fund applicant's guide 2015-2016 : |h[electronic resource]|bprogram guidelines and application form |
| 260 | |aOttawa - Ontario : |bCanadian Heritage |c2015. |
| 300 | |a26p.|bglossary |
| 590 | |a15-12|b2015-03-20 |
| 775 | 08|tFonds communautaire de commémoration des guerres mondiales, guide du demandeur 2015-2016 : |w(CaOODSP)9.644120 |
| 856 | 40|ahttp://publications.gc.ca|qPDF|s865 KB|uhttps://publications.gc.ca/collections/collection_2015/pc-ch/CH36-4-15-2015-eng.pdf |